00236 a2200085 4500082000800000100002100008245006700029260004600096300000800142 a658 aPeter F. Drucker aManagementbTasks Responsibilities PracticescPeter F. Drucker aNew Delhi, indiabAllide Publishersc1996 a839